PRE TEST MEDICINE (Record no. 216854)
[ view plain ]
| 000 -LEADER | |
|---|---|
| fixed length control field | 00497nam a22001817a 4500 |
| 008 - FIXED-LENGTH DATA ELEMENTS--GENERAL INFORMATION | |
| fixed length control field | 260323b |||||||| |||| 00| 0 eng d |
| 022 ## - INTERNATIONAL STANDARD SERIAL NUMBER | |
| International Standard Serial Number | 978-1-259-01131-3 |
| 100 ## - MAIN ENTRY--PERSONAL NAME | |
| Personal name | SMALLIGAN ROGER |
| 245 ## - TITLE STATEMENT | |
| Title | PRE TEST MEDICINE |
| 250 ## - EDITION STATEMENT | |
| Edition statement | 13TH ED. |
| 260 ## - PUBLICATION, DISTRIBUTION, ETC. | |
| Place of publication, distribution, etc. | NEW YORK |
| Name of publisher, distributor, etc. | MCGRAW HILL |
| Date of publication, distribution, etc. | 2012 |
| 300 ## - PHYSICAL DESCRIPTION | |
| Extent | X,470P. |
| 500 ## - GENERAL NOTE | |
| General note | INCLUDES AN INDEX |
| 650 ## - SUBJECT ADDED ENTRY | |
| Topical term or geographic name entry element | MEDICINE-EXAMINATION QUESTIONS |
| 700 ## - ADDED ENTRY--PERSONAL NAME | |
| Personal name | MATT CHUA, RUSH PIERCE J. , ROBERT S. URBAN |
| 942 ## - ADDED ENTRY ELEMENTS (KOHA) | |
| Source of classification or shelving scheme | Library of Congress Classification |
| Koha item type | Long Loan Book |
| Withdrawn status | Lost status | Source of classification or shelving scheme | Damaged status | Not for loan | Collection | Home library | Current library | Shelving location | Date acquired | Inventory number | Total checkouts | Full call number | Barcode | Date last seen | Copy number | Price effective from | Koha item type |
|---|---|---|---|---|---|---|---|---|---|---|---|---|---|---|---|---|---|
| Library of Congress Classification | Medicine | Kisii University Library | Kisii University Library | On Display | 03/23/2026 | 112506 | R 834.5 .P74 2012 | A000228 | 03/23/2026 | C.1 | 03/23/2026 | Long Loan Book | |||||
| Library of Congress Classification | Medicine | Kisii University Library | Kisii University Library | On Display | 03/23/2026 | 112507 | R 834.5 .P74 2012 | A000226 | 03/23/2026 | C.2 | 03/23/2026 | Long Loan Book | |||||
| Library of Congress Classification | Medicine | Kisii University Library | Kisii University Library | On Display | 03/23/2026 | 112508 | R 834.5 .P74 2012 | A000224 | 03/23/2026 | C.3 | 03/23/2026 | Long Loan Book | |||||
| Library of Congress Classification | Medicine | Kisii University Library | Kisii University Library | On Display | 03/23/2026 | 112509 | R 834.5 .P74 2012 | A000219 | 03/23/2026 | C.4 | 03/23/2026 | Long Loan Book |